MARC details
| 000 -CABECERA |
| campo de control de longitud fija |
02242cab a2200277 ab4500 |
| 005 - FECHA Y HORA DE LA ÚLTIMA TRANSACCIÓN |
| campo de control |
20241105063734.0 |
| 008 - ELEMENTOS DE LONGITUD FIJA--INFORMACIÓN GENERAL |
| campo de control de longitud fija |
991125c2017 ck fr p o 000 0 spa d |
| 035 ## - NÚMERO DE CONTROL DEL SISTEMA |
| Número de control de sistema |
UPN01000218444 |
| 040 ## - FUENTE DE LA CATALOGACIÓN |
| Centro catalogador/agencia de origen |
MX-MxUPN |
| Lengua de catalogación |
spa |
| Centro/agencia transcriptor |
MX-MxUPN |
| Normas de descripción |
aacr2 |
| 049 ## - COLECCIÓN |
| Colección |
ART-E |
| 100 1# - ASIENTO PRINCIPAL--NOMBRE PERSONAL |
| Nombre de persona |
Rodríguez Bustamante, Alexander |
| 100 1# - ASIENTO PRINCIPAL--NOMBRE PERSONAL |
| Filiación |
alexander.rodriguezbu@amigo.edu.co |
| 100 1# - ASIENTO PRINCIPAL--NOMBRE PERSONAL |
| Nombre de persona |
Pérez Múnera, Diego Alejandro |
| 100 1# - ASIENTO PRINCIPAL--NOMBRE PERSONAL |
| Filiación |
diego.perezmu@amigo.edu.co |
| 245 10 - MENCIÓN DE TÍTULO |
| Título |
Voz, palabra y escritura |
| Medio |
[recurso electrónico en línea] |
| 506 0# - NOTA DE RESTRICCIONES AL ACCESO |
| Limitaciones de acceso |
Acceso abierto |
| 520 3# - NOTA DE RESUMEN, ETC. |
| Sumario, etc. |
Es evidente la importancia de la comunicación en la vida del ser humano, en tanto esta permea y posibilita la relación, el compartir, el encuentro. Desde este punto de vista, y con avances significativos durante el tiempo, es necesario leer esta posibilidad de expresión, a partir de dos vertientes: i) la oralidad, como aquella que se posibilita desde la palabra hablada, con la voz como medio, y adornada por sonidos, tonos, timbre, intensidad, volumen, color; aquella que se evidencia en los grandes relatos o en las simples conversaciones; aquella que construye en los diálogos pacíficos, o destruye en los insultos viscerales; y ii) la escritura, que se gesta desde la palabra plasmada en papel, piedra, procesador de texto, y tantos otros medios que sirven de sustento para fijar las letras, las grafías, los signos de puntuación, y todo aquello que se convierte en el guardián de la memoria. Así las cosas, y en aras de avizorar la importancia de estos vehículos o puentes de la comunicación, el presente artículo, a modo de reflexión, más que de análisis, busca mover fibras y recordar al lector, desde un lenguaje sencillo, lo que la voz, la palabra y la escritura pueden generar en el diario vivir, en tanto se convierten en el camino de encuentro, de creación, de vida. Poiesis |
| 650 #4 - ASIENTO SECUNDARIO DE MATERIA - TERMINO TEMATICO |
| Término de materia o nombre geográfico como elemento de entrada |
Lenguaje |
| 9 (RLIN) |
3841 |
| 650 #4 - ASIENTO SECUNDARIO DE MATERIA - TERMINO TEMATICO |
| Término de materia o nombre geográfico como elemento de entrada |
Comunicación |
| 9 (RLIN) |
9285 |
| 650 #4 - ASIENTO SECUNDARIO DE MATERIA - TERMINO TEMATICO |
| Término de materia o nombre geográfico como elemento de entrada |
Escritura |
| 9 (RLIN) |
13353 |
| 773 ## - ENLACE AL DOCUMENTO FUENTE/ENTRADA DE REGISTRO ANFITRIÓN |
| Parte(s) relacionada(s) |
No. 32 (2017), p. 149-157 |
| Título |
Poiesis: revista electrónica de psicología social |
| Número Internacional Normalizado para Publicaciones Seriadas |
1692-0945 |
| 856 4# - LOCALIZACIÓN Y ACCESO ELECTRÓNICOS |
| Identificador Uniforme del Recurso |
<a href="https://revistas.ucatolicaluisamigo.edu.co/index.php/poiesis/article/view/2307">https://revistas.ucatolicaluisamigo.edu.co/index.php/poiesis/article/view/2307</a> |
| 902 ## - ELEMENTOS DE DATOS B LOCAL, LDB (RLIN) |
| Modificó |
Leonor Sotres/081123 |
| 905 ## - TIPO DE MATERIAL |
| Tipo de material |
Articulo |
| 942 ## - ELEMENTOS DE PUNTO DE ACCESO ADICIONAL (KOHA) |
| Tipo de ítem Koha |
Artículo Electrónico |